| 000 | 00412pab a2200133 454500 | ||
|---|---|---|---|
| 008 | 180718b xxu||||| |||| 00| 0 eng d | ||
| 100 | _aNaples, Nancy A | ||
| 245 | _aContradictions in the gender subtext of the war on poverty: the community work and resistance of women from low income communities | ||
| 650 | _a Social Welfare | ||
| 650 | _a Women | ||
| 650 | _aPoverty | ||
| 773 | _aSocial Problems | ||
| 909 | _a2208 | ||
| 999 |
_c2208 _d2208 |
||